Orientações para conselhos da área de assistência social / (Record no. 1551)

MARC details
000 -LÍDER
Campo Fixo de Controle 00777nam a2200241 a 4500
001 - NÚMERO DE CONTROLE
Campo de Controle 1551
003 - IDENTIFICAÇÃO DO NÚMERO DE CONTROLE
Campo de Controle BR-CuiBMT
005 - DATA E HORA DA ÚLTIMA ATUALIZAÇÃO
Campo de Controle 20231215031407.0
008 - DADOS FIXOS
Dados Fixos 231129s2013 dfba 000 0 por d
040 ## - AGÊNCIA CATALOGADORA
Código da Agência Catalogadora BR-CuiBMT
Agência que transcreveu o registro BR-CuiBMT
080 ## - Nº DA CLASSIFICAÇÃO DECIMAL UNIVERSAL
Nº Class. CDU 364:657.6
Nº edição CDU 2007
090 ## - NÚMERO DE CHAMADA
Nº classificação 364:657.6
Cutter B823o
Ano/Edição 3. ed.
110 1# - ENTRADA PRINCIPAL -- ENTIDADE
Nome da entidade ou lugar Brasil.
Unidade subordinada Tribunal de Contas da União.
245 10 - TÍTULO PRINCIPAL
Título principal Orientações para conselhos da área de assistência social /
Indicação de responsabilidade Tribunal de Contas da União.
250 ## - EDIÇÃO
Edição 3. ed.
260 ## - PUBLICAÇÃO, DISTRIBUIÇÃO, ETC.
Local de publicação Brasília :
Editora TCU, Secretaria de Controle Externo,
Data 2013.
300 ## - DESCRIÇÃO FÍSICA
N. páginas ou volumes 276 p. :
Ilustrações il. ;
Dimensões 28 cm
504 ## - NOTA DE BIBLIOGRAFIA, ETC.
Nota de bibliografia Inclui bibliografia.
650 ## - ASSUNTO TÓPICO
Cabeçalho tópico ou nome geográfico Controle social
Subdivisão geográfica Brasil
650 ## - ASSUNTO TÓPICO
Cabeçalho tópico ou nome geográfico Assistência social
Subdivisão geográfica Brasil
650 ## - ASSUNTO TÓPICO
Cabeçalho tópico ou nome geográfico Programa Bolsa Família
Subdivisão geográfica Brasil
942 ## - ELEMENTOS DE ENTRADA ADICIONAIS (KOHA)
Fonte de classificação ou esquema de arquivamento Classificação Decimal Universal
Tipo de item do Koha Livros
Holdings
Estado: removido Estado: perdido Fonte de classificação ou esquema de arquivamento Estado: danificado Indisponível para empréstimo Localização permanente Localização atual Data de aquisição Total Checkouts Número de Chamada completo Código de barras Date last seen Número do exemplar Preço efetivo a partir de Tipo de item (Koha)
    Classificação Decimal Universal     Biblioteca da Escola Superior de Contas do TCE/MT Biblioteca da Escola Superior de Contas do TCE/MT 14/12/2023   364:657.6 B823o 3. ed. BIBTCEMT23120528 14/12/2023 Ex. 1 14/12/2023 Livros

Powered by Koha